Intenzifikácia kontrolného systému pri ďalšom rozvíjaní sústavy plánovitého riadenia socialistického národného hospodárstva vo väzbe na investičný proces Časť 1: Perspektívny model kontrolného systému

Gespeichert in:
Bibliographische Detailangaben
Format: Buch
Sprache:Slowakisch
Veröffentlicht: Bratislava VŠE 1985
Tags: Tag hinzufügen
Keine Tags, Fügen Sie das erste Tag hinzu!

MARC

LEADER 00000nam a2200000 4500
001 c036169
005 20260325102533.6
041 0 |a slo 
044 |a SK 
245 1 0 |a Intenzifikácia kontrolného systému pri ďalšom rozvíjaní sústavy plánovitého riadenia socialistického národného hospodárstva vo väzbe na investičný proces  |b Časť 1: Perspektívny model kontrolného systému 
264 1 |a Bratislava  |b VŠE  |c 1985 
300 |a 186 s.